Бабушкины россказни: Повести и рассказы

Detalles Bibliográficos
Autor Principal: Мельников П. И. Павел Иванович
Outros autores: Ланщикова А. П. (автор предисловия), Николаев А. В. (иллюстратор)
Idioma:ruso
Publicado: Москва, Правда, 1989
Subjects:
Formato: MixedMaterials Libro
KOHA link:https://koha.lib.tpu.ru/cgi-bin/koha/opac-detail.pl?biblionumber=115364

MARC

LEADER 00000nam0a2200000 4500
001 115364
005 20231101215244.0
035 |a (RuTPU)RU\TPU\book\124764 
090 |a 115364 
100 |a 20070507d1989 m y0rusy50 ca 
101 0 |a rus 
102 |a RU 
105 |a a z 000ay 
200 1 |a Бабушкины россказни  |e Повести и рассказы  |f П. И. Мельников  |g авт. предисл., сост. и примеч. А. П. Ланщикова; худож. А. В. Николаев 
210 |a Москва  |c Правда  |d 1989 
215 |a 496 с.  |c ил. 
610 1 |a русская литература 
610 1 |a повести 
610 1 |a рассказы 
675 |a Р1  |v 3 
700 1 |a Мельников  |b П. И.  |c русский писатель  |c псевдоним Андрей Печерский  |f 1818-1883  |g Павел Иванович  |2 stltpush  |3 (RuTPU)RU\TPU\pers\19400  |9 7428 
702 1 |a Ланщикова  |b А. П.  |4 080 
702 1 |a Николаев  |b А. В.  |4 440 
801 1 |a RU  |b 63413507  |c 20070507  |g PSBO 
801 2 |a RU  |b 63413507  |c 20070507  |g PSBO 
942 |c BK